Normal view
MARC view
- Najib, Mukhamad.
Entry Personal Name
001 - CONTROL NUMBER
- control field: 49580
003 - CONTROL NUMBER IDENTIFIER
- control field: OSt
005 - DATE AND TIME OF LATEST TRANSACTION
- control field: 20231010095431.0
008 - FIXED-LENGTH DATA ELEMENTS
- fixed length control field: 231010|| aca||aabn | a|a d
040 ## - CATALOGING SOURCE
- Original cataloging agency: OSt
- Transcribing agency: OSt
100 ## - HEADING--PERSONAL NAME
- Personal name: Najib, Mukhamad.
- Relator term: author.
670 ## - SOURCE DATA FOUND
- Source citation: Work cat.: (OSt): Najib, Mukhamad. author., The role of innovation, entrepreneurial self-efficacy and local uniqueness on marketing performance in small and medium-sized restaurants /, November-December 2020.
